| 000 | 01248cam a22003133a 4500 | ||
|---|---|---|---|
| 001 | 0000673 | ||
| 003 | DO-SdBNP | ||
| 005 | 20180130082410.0 | ||
| 007 | 0000673 | ||
| 008 | 861112 2006 sp a 000 0 spa d | ||
| 010 | _a | ||
| 020 | _a9972625419 | ||
| 040 |
_aBPMSU _cspa _dBPMSU _d |
||
| 245 | 0 | 3 |
_aEl libro de las preguntas y las respuestas / _ctextos Eva Font, Bernardo Sánchez ; ilustración Jorge Fenosa, Luis Montañá, Marta Montañá, José Torres ; dirección editorial Jaime Viñals. |
| 260 |
_aBarcelona : _bLexus, _bThema equipo editorial, _c2006. |
||
| 300 |
_a143 p _bil. ; _c28 cm. |
||
| 505 | 2 |
_tCiencias y naturaleza: nuestro planeta -- _tNaturaleza: animales y plantas -- _tEl espacio -- _tEl cuerpo humano -- _tGentes, costumbres y lugares -- _tHistoria: personajes, hechos, curiosidades... -- _tEl transporte: ayer y hoy -- _tDeportes -- _tArte -- |
|
| 600 | 0 | 0 |
_a _x |
| 700 | 1 | 2 |
_aFont, Eva, _etextos |
| 700 | 1 | 2 |
_aSánchez, Bernardo _etextos |
| 700 | 1 | 2 |
_aFenosa, Jorge _eil. |
| 700 | 1 | 2 |
_aMontañá, Luis _eil. |
| 700 | 1 | 2 |
_aMontañá, Marta _eil. |
| 700 | 1 | 2 |
_aTorres, José _eil. |
| 700 | 1 | 2 |
_aViñals, Jaime _edirecc. |
| 942 |
_2ddc _cBK |
||
| 945 | _aInventariado, 2018 /LP | ||
| 956 |
_2YLOCKWARD _310 _8BPMSU |
||
| 999 |
_c11376 _d11376 |
||